00593nam a2200181 a 450000500170000000800410001702000180005805000270007610000220010324500870012526000460021230000160025844000270027450000270030165000440032865000180037265000210039020140412111351.0050425s19uu xx 00 eng d a0-02-660829-4 aTR(GS 372.4bK846 2000 aKoss, Amy Goldman aThe hat :bdecodable book /cby Amy Goldman Koss ; illustrated by Susanne DeMarco. aColumbus, Ohio :bSRA/McGraw-Hill,c2000. a8 p. ; ill. aSRA Open Court Reading aLevel B, Set 1, Book 5 aReadingxPhoneticsxJuvenile literature aHatsxFiction aChildren stories